00829nab a2200229uuc4500001000800000005001700008008004100025035001200066035002100078040001300099041000800112100004600120245012200166260001000288650001700298650002900315650002600344650002300370700003700393700004000430773012900470117566620240202093024.0091026s2007 spa  a1175666 a(OCoLC)820505215 ccomduadb aspa10aMarquez Gutierrez, Blanca Zulay4auteaut10aEvaluación de conocimientos sobre el dengue en escolares de primera etapa de la Parroquia Coche, Caracas, Venezuela c2007. 7aDengue2lemb aIntervención educativa aEscolares - Venezuela 7aConocimiento2lemb10aBorges, Rafael Horacio4auteaut10aRodriguez Ortega, Morella4auteaut0 tBoletín de Malariología y Salud Ambiental (Maracay)gVol. 47, No. 02, Ago.-Dic. 2007, 205-212w952894x1690-46480369895